Best Club Teams since 1992/93 - Statistics

General Stats
  • This quiz has been taken 11 times
  • The average score is 28 of 40
Answer Stats
Hint Answer % Correct
ST? Carlos Tevez
100%
Barcelona 2010/11GK- Victor Valdes LB- CB- Gerard Pique CB- RB- Dani Alves CDM- Sergio Busquets CM- Andres Iniesta CM- Xavi RW- Lionel Messi ST- LW- ST- ? David Villa
100%
LB? Eric Abidal
100%
CB? Javier Mascherano
100%
CM? Michael Carrick
100%
CB? Javier Mascherano
88%
GK? Keylor Navas
88%
LW? Pedro
88%
CB? Raphael Varane
88%
Manchester United 2007/08GK- Edwin Van Der Sar LB- Patrice Evra CB- Rio Ferdinand CB- Nemanja Vidic RB- CM- Paul Scholes CM- LM- Cristiano Ronaldo RM- ST- Wayne Rooney ST- RB? Wes Brown
88%
LB? Christian Chivu
75%
RB? Dani Carvajal
75%
LB? Denis Irwin
75%
ST? Dwight Yorke
75%
LB? Eric Abidal
75%
Croatian CM? Ivan Rakitic
75%
Dutch CB? Jaap Stam
75%
LM? Kingsley Coman
75%
Brazil CB? Lucio
75%
Bayern Munich 2012/13GK- Manuel Neuer LB- CB- CB- Jerome Boateng RB- Philipp Lahm CM- Bastian Schweinsteiger CM- LM- Franck Ribery CAM- Thomas Muller RM- Arjen Robben ST- ST? Mario Gomez
75%
RM? Ryan Giggs
75%
Argentina CB? Walter Samuel
75%
Spanish CM? Xavi
75%
Bayern Munich 2019/20GK- Manuel Neuer LB- Alphonso Davies CB- David Alaba CB- Jerome Boateng RB- CM- Joshua Kimmich CM- LM- CAM- Thomas Muller RM- ST- Robert Lewandowski RB? Benjamin Pavard
63%
Barcelona 2014/15GK- LB- Jordi Alba CB- Gerard Pique CB- RB- Dani Alves CDM- Sergio Busquets CM- CM- LW- Neymar ST- Luis Suarez RW- Lionel Messi GK? Claudio Bravo
63%
CB? Dante
63%
LB? David Alaba
63%
Real Madrid 2016/17GK- LB- Marcelo CB- Sergio Ramos CB- RB- CDM- Casemiro CM- Toni Kroos CM- Luka Modric LW- Cristiano Ronaldo ST- Karim Benzema RW- RW? Lucas Vazquez
63%
Manchester United 1998/99GK- Peter Schmeichel LB- CB- CB- RB- Gary Neville LM- Ryan Giggs CM- Paul Scholes CM- Roy Keane RM- David Beckham ST- Andy Cole ST- Norwegian CB? Ronny Johnsen
63%
ST? Samuel Eto’o
63%
RM? Serge Gnabry
63%
LW? Thierry Henry
63%
CM? Javi Martinez
50%
CM? Thiago
50%
Barcelona 2008/09GK- Victor Valdes LB- CB- Carles Puyol CB- Gerard Pique RB- Dani Alves CDM- CM- Xavi CM- Andres Iniesta LW- ST- RW- Lionel Messi CDM? Yaya Toure
50%
Inter 2009/10GK- Julio Cesar LB- CB- CB- RB- Maicon CM- Javier Zanetti CM- Esteban Cambiasso CAM- Wesley Sneijder LM- Samuel Eto'o RM- ST- Diego Milito RM? Dejan Stankovic
38%
CM? Demetrio Albertini
38%
RB? Mauro Tassotti
25%
LM? Roberto Donadoni
25%
Milan 1993/94GK- LB- Paolo Maldini CB- Franco Baresi CB- Alessandro Costacurta RB- CM- CM- Marcel Desailly LM- RM- Zvonimir Boban FW- Daniele Massaro FW- Dejan Savicevic GK? Sebastiano Rossi
25%
No matching quizzes found
Score Distribution
Percent of People with Each Score
Percentile by Number Answered
Your Score History
You have not taken this quiz